000 00505cam a22002051 4500
001 sa 64000087
003 DLC
005 20260227111953.0
008 891229s1962 bg 000 0 beno
010 _asa 64000087
035 _a(OCoLC)20835582
040 _aDLC
_cWaU
_dDLC
050 0 0 _aPK1718.A39
_bN3
100 0 _aAkbaruddin.
245 0 0 _aNādira Śāh.
260 _c[1962]
300 _a145 p.
_c19 cm.
500 _aIn Bengali.
600 0 0 _aNādir Shāh,
_cShah of Iran,
_d1688-1747
_vDrama.
999 _c56005
_d56005